Минералогические и геохимические особенности карбонатитовых месторождении Монголии; Научная инициатива иностранных студентов и аспирантов российских вузов; Т. 1

Dettagli Bibliografici
Parent link:Научная инициатива иностранных студентов и аспирантов российских вузов: сборник докладов VI Всероссийской научно-практической конференции, Томск, 24-26 апреля 2013 г./ Ассоциация иностранных студентов в России (АИС); Национальный исследовательский Томский политехнический университет (ТПУ), Институт международного образования и языковой коммуникации (ИМОЯК).— , 2013
Т. 1.— 2013.— [С. 51-53]
Autore principale: Галнэмэх Оюунболор
Ente Autore: Национальный исследовательский Томский политехнический университет (ТПУ) Институт природных ресурсов (ИПР) Кафедра геоэкологии и геохимии (ГЭГХ)
Altri autori: Рихванов Л. П. Леонид Петрович (научный руководитель)
Riassunto:Заглавие с титульного экрана
Lingua:russo
Pubblicazione: 2013
Serie:Естественно-научное направление
Soggetti:
Accesso online:http://www.lib.tpu.ru/fulltext/c/2013/C19/V1/002.pdf
Natura: Elettronico Capitolo di libro
KOHA link:https://koha.lib.tpu.ru/cgi-bin/koha/opac-detail.pl?biblionumber=605409

MARC

LEADER 00000naa2a2200000 4500
001 605409
005 20260227092846.0
035 |a (RuTPU)RU\TPU\conf\2694 
035 |a RU\TPU\conf\2693 
090 |a 605409 
100 |a 20140411d2013 k y0rusy50 ca 
101 0 |a rus 
102 |a RU 
135 |a drnn ---uucaa 
181 0 |a i  
182 0 |a b 
200 1 |a Минералогические и геохимические особенности карбонатитовых месторождении Монголии  |f Галнэмэх Оюунболор  |g науч. рук. Л. П. Рихванов 
203 |a Текст  |c электронный 
225 1 |a Естественно-научное направление 
300 |a Заглавие с титульного экрана 
320 |a [Библиогр.: с. 53 (5 назв.)] 
337 |a Adobe Reader 
461 1 |0 (RuTPU)RU\TPU\conf\71  |t Научная инициатива иностранных студентов и аспирантов российских вузов  |o сборник докладов VI Всероссийской научно-практической конференции, Томск, 24-26 апреля 2013 г.  |f Ассоциация иностранных студентов в России (АИС); Национальный исследовательский Томский политехнический университет (ТПУ), Институт международного образования и языковой коммуникации (ИМОЯК)  |o в 2 т.  |d 2013 
463 1 |0 (RuTPU)RU\TPU\conf\72  |t Т. 1  |v [С. 51-53]  |d 2013 
610 1 |a труды учёных ТПУ 
610 1 |a электронный ресурс 
610 1 |a Монголия 
610 1 |a минералогические особенности 
610 1 |a геохимические особенности 
610 1 |a карбонатитовые месторождения 
700 0 |a Галнэмэх Оюунболор 
702 1 |a Рихванов  |b Л. П.  |c российский ученый, геолог  |c профессор Томского политехнического университета, доктор геолого-минералогических наук  |c заслуженный геолог РФ  |c почетный работник высшего образования РФ  |f 1945-  |g Леонид Петрович  |4 727 
712 0 2 |a Национальный исследовательский Томский политехнический университет (ТПУ)  |b Институт природных ресурсов (ИПР)  |b Кафедра геоэкологии и геохимии (ГЭГХ)  |3 (RuTPU)RU\TPU\col\18658 
801 2 |a RU  |b 63413507  |c 20230320  |g RCR 
856 4 |u http://www.lib.tpu.ru/fulltext/c/2013/C19/V1/002.pdf 
942 |c CF